000 00661nam a2200181Ia 4500
008 090630s9999 xx 000 0 und d
082 _b15028
100 _aरावजी आशु - कानडे दिनू.
245 _aनंदिनी.
_cरावजी आशु - कानडे दिनू.
260 _bडॉल्फीन - गोवा.
_c1990
300 _a180
600 _aरावजी आशु - कानडे दिनू.
630 _aनंदिनी.
655 _aकादंबरी.
700 _aरावजी आशु - कानडे दिनू.
730 _aनंदिनी.
942 _cBOOK
999 _c266884
_d266884